| 000 | 00474nam a2200169Ia 4500 | ||
|---|---|---|---|
| 005 | 20250508150420.0 | ||
| 008 | 008 250505s9999 xx 000 0 eng d | ||
| 037 | _aTextual | ||
| 040 |
_aFEDL _beng _cFEDL |
||
| 041 |
_aeng _2eng |
||
| 084 |
_a338, IND _qFEDL |
||
| 245 | 0 | _aIndustry year book and directory 1948-49 | |
| 260 |
_aCalcutta, India _bSmall Machinery MFG. Co. |
||
| 650 | _aEconomics | ||
| 942 |
_cTEXL _h338, IND |
||
| 999 |
_c1323522 _d1323522 |
||